Tajemství katedrál a esoterický výklad hermetických symbolů Velkého Díla. /

Uložené v:
Podrobná bibliografia
Hlavný autor: Fulcanelli (Author)
Médium: Kniha
Jazyk:Czech
French
Vydané: Praha : Trigon, nakladatelství, 1992
Vydanie:1. vyd.
Edícia:Ametyst
Témy:
ISBN: 8085320290 (viaz.)
Fyzický popis: 221 s.
Tagy: Pridať tag
Žiadne tagy, Buďte prvý kto otaguje tento záznam!

MARC

LEADER 00000nam a2200000 a 4500
001 000048421
003 SVKK
005 19951222000000.0
008 951013s1992 cs e czeo
020 |a 8085320290 (viaz.) 
040 |a SVKKK  |b slo  |c SVKKK  |e AACR2 
041 1 |a cze  |h fre 
044 |a cs  |c CS 
080 |a 726.6:7.045  |2 1997 
080 |a 7.045:726.6  |2 1997 
100 1 |a Fulcanelli,  |4 aut 
245 1 0 |a Tajemství katedrál a esoterický výklad hermetických symbolů Velkého Díla. /  |c Fulcanelli 
250 |a 1. vyd. 
260 |a Praha :  |b Trigon, nakladatelství,  |c 1992 
300 |a 221 s. 
440 0 |a Ametyst 
653 0 |a katedrály  |2 SVKKKPH 
653 0 |a symboly  |2 SVKKKPH 
653 0 |a výklady ezoterické  |2 SVKKKPH 
655 7 |a monografie  |2 SVKKKPH 
910 |a svkkk 
919 |a 80-85320-29-0 
974 |a MI  |d 19951121 
974 |a KL  |d 19951108 
974 |a PA  |d 19951222 
998 |a BK 
090 |g SCKHL  |k Sklad Pribinova prízemie  |a IV.169568  |j 887567  |i 2720156847  |s Absenčne 
090 |g SCKHL  |k Sklad Pribinova prízemie  |a IV.169569  |j 887568  |i 2720068773  |s Absenčne